Big house, little house (Record no. 77798)
[ view plain ]
| 000 -LEADER | |
|---|---|
| fixed length control field | 01239cab a2200217 4500 |
| 001 - CONTROL NUMBER | |
| control field | ##L135133 |
| 008 - FIXED-LENGTH DATA ELEMENTS--GENERAL INFORMATION | |
| fixed length control field | 060926n2006 000 0 eng u |
| 035 ## - SYSTEM CONTROL NUMBER | |
| System control number | (Sirsi) u135133 |
| 041 0# - LANGUAGE CODE | |
| Language code of text/sound track or separate title | eng |
| 100 1# - MAIN ENTRY--PERSONAL NAME | |
| Personal name | Turnbull, Geoffrey K. |
| 245 00 - TITLE STATEMENT | |
| Title | Big house, little house |
| Remainder of title | relative size and value |
| 260 ## - PUBLICATION, DISTRIBUTION, ETC. | |
| Date of publication, distribution, etc. | 2006 |
| 490 #0 - SERIES STATEMENT | |
| Series statement | Real Estate Economics |
| Volume/sequential designation | 34(3) 2006, 439-456(18) |
| 520 ## - SUMMARY, ETC. | |
| Summary, etc. | Examines the issue of which the market values more highly: the largest house in a neighbourhood of small houses or the smallest house in a neighbourhood of large houses. Using house sales data from one local government area, this problem is looked at in terms three hypotheses: atypicality, the conspicuous consumption effect and the tax capitalization effect. Concludes that of these theories, the estimates are consistent with the fiscal capitalization theory, which leads to lower prices for larger houses and higher prices for smaller houses in the neighbourhood, and/or longer and shorter marketing times respectively. |
| 590 ## - LOCAL NOTE (RLIN) | |
| Local note | IKA031006 |
| 651 #4 - SUBJECT ADDED ENTRY--GEOGRAPHIC NAME | |
| Geographic name | UNITED STATES |
| 690 ## - LOCAL SUBJECT ADDED ENTRY--TOPICAL TERM (OCLC, RLIN) | |
| Topical term or geographic name as entry element | PROPERTY-RESIDENTIAL PROPERTY-RESIDENTIAL PROPERTY APPRAISAL AND VALUATION |
| 700 1# - ADDED ENTRY--PERSONAL NAME | |
| Personal name | Dombrow, Jonathan |
| 700 1# - ADDED ENTRY--PERSONAL NAME | |
| Personal name | Sirmans, C. F. |
| 942 ## - ADDED ENTRY ELEMENTS (KOHA) | |
| Suppress in OPAC | 0 |
| Withdrawn status | Lost status | Source of classification or shelving scheme | Damaged status | Not for loan | Home library | Current library | Shelving location | Date acquired | Total Checkouts | Full call number | Barcode | Date last seen | Copy number | Price effective from | Koha item type |
|---|---|---|---|---|---|---|---|---|---|---|---|---|---|---|---|
| Dewey Decimal Classification | London | London | Journal article | 26/09/2006 | L135133 | 135133-1001 | 06/08/2019 | 1 | 06/08/2019 | Journal article |